000 01490nam a2200313 c 4500
003 BLK
005 20180420213658.0
008 180412b bul|||||r ||||||| ||bul||
010 _aKNG00004520000
040 _aBLK
041 _aBUL
_cBUL
080 _aНародни вярвания. Народни обичаи. Суеверия, свързани с годишни времена, с дома, религиозни празници и др. Нестинарство
_b398.3
_x(497.2)
_z398.3(497.2)
700 1 _aГенчев, Стоян
_eсъстав. на том
_9247280
139 _aЕтнографски проблеми на народната духовна култура
_bЕ 94
245 1 0 _aЕтнографски проблеми на народната духовна култура
_bСб. студии : Т. 1 -
_cсъстав. на том Стоян Генчев.
_nТ. 1
257 _aBGR
260 София
_bБАН
_c1989 -
300 _c24 см
380 _a3
500 _aИзд. на БАН. Етногр. инст. с музей
650 4 _aБългария - етнография
_9247281
650 4 _aОбреди и обичаи, български
_9241811
760 1 _h264 с. : със сх., 24 л. : ил.
_nБиблиогр. под линия ; Рез. на рус., англ. ез.
_tТ. 1
852 _aЦб 158378
856 4 _qpdf
_u
856 4 _qpdf
_u
942 _cKNG
_n0
944 _aCR
_c14.11.2007
_kГеновева_Генчева
944 _aED
_c14.11.2007
_k
999 _c3433
_d3433